Konkurenčná analýza v podmienkach malých a stredných podnikov diplomová práca

Salvato in:
Dettagli Bibliografici
Autore principale: Hrehovčík, Ján
Ente Autore: Podnikovohospodárska fakulta EU so sídlom v Košiciach. Katedra ekonómie
Altri autori: Bruothová, Michaela, 1979-
Natura: Libro
Lingua:slovacco
Pubblicazione: Košice 2017
Tags: Aggiungi Tag
Nessun Tag, puoi essere il primo ad aggiungerne!!

MARC

LEADER 00000nbm a2200000 4500
001 0231496
005 20240827092507.3
041 0 |a slo 
044 |a SK 
245 1 0 |a Konkurenčná analýza v podmienkach malých a stredných podnikov  |b diplomová práca  |c Ján Hrehovčík ; školiteľ: Michaela Bruothová 
264 1 |a Košice  |c 2017 
300 |a 75 s. 
100 1 |a Hrehovčík, Ján 
700 1 |a Bruothová, Michaela, 1979- 
710 2 |a Podnikovohospodárska fakulta EU so sídlom v Košiciach. Katedra ekonómie